Las misiones jesuiticas / (Registro nro. 12366)

Detalles MARC
000 -LEADER
longitud fija campo de control 01155nam a22002897a 4500
003 - IDENTIFICADOR DE NUMERO DE CONTROL
control del campo AR-RoUNA
005 - FECHA DE LA ULTIMA MODIFICACION
control del campo 20260320112947.0
040 ## - ORIGEN DE LA CATALOGACION
Agencia que cataloga la obra original AR-RoUNA
Idioma en que se cataloga spa
Entidad que modifico el registro AR-RoUNA
041 ## - CODIGO DE IDIOMA
Codigo de idioma del texto / sonido o titulo separado spa
Codigo de idioma de la traduccion original y / o intermedios de texto spa
044 ## - CODIGO DE PAIS / ENTIDAD PRODUCTORA
Codigo MARC del pais ag
100 1# - ASIENTO PRINCIPAL - NOMBRE PERSONAL
Nombre personal Padre Jose Marx
9 (RLIN) 27646
245 14 - TITULO PROPIAMENTE DICHO
Titulo Las misiones jesuiticas /
Subtitulo texto Padre Jose Marx; fotos Maximilien Bruggmann
260 ## - EDITORIAL - PUBLICACION, DISTRIBUCION, ETC. (Pie de imprenta)
Lugar de publicacion, distribucion, etc Buenos Aires, Argentina :
Nombre del editor, distribuidor, etc Editions San Ignacio,
Fecha de publicacion [1974]
300 ## - DESCRIPCION FISICA
Extension 20 p.:
Otros detalles fisicos fot. col.,
-- planos,
Dimensiones 20x22 cm
520 3# - NOTA DE RESUMEN
Nota de resumen, etc. El documento, evoca las ruinas de la Misiones Jesuiticas como testimonio silencioso de una cultura que florecio en la selva y luego desaparecio. Describe el paso del tiempo, el abandono, destacando el legado espiritual y social de los misioneros jesuitas. Resaltando su labor evangelizadora y civilizadora.
650 #4 - MATERIA - TERMINO TEMATICO
Término temático general Historia
650 #4 - MATERIA - TERMINO TEMATICO
Término temático general Reducciones Jesuiticas
650 #4 - MATERIA - TERMINO TEMATICO
Término temático general Restauracion
651 #4 - MATERIA - NOMBRE GEOGRAFICO
Termino geografico Misiones, Argentina
9 (RLIN) 27648
653 ## - MATERIA - PALABRAS CLAVES
Palabras claves Pueblos Guaranies
700 1# - ENTRADA SECUNDARIA - NOMBRES PERSONALES
Nombre personal Bruggman, Maximilien
9 (RLIN) 27649
908 ## - SOPORTE
Soporte Imp
930 ## - ACCESION
Numero de accesion (NR) 12306
942 ## - FUENTE DE CLASIFICACION
Clasificacion Dewey Decimal Classification
Tipo de item Libro
945 ## - INFORMACION DE PROCESAMIENTO
Codigo del operador MIA
Fecha de ingreso o modificacion 2026-03-18
980 ## - DECLARACIÓN DE EQUIVALENCIA O SERIE DE REFERENCIA CRUZADA - NOMBRE / TÍTULO PERSONAL [LOCAL, CANADÁ]
Código del operador 1
Nombre del operador Maricel Allasia
Código del operador que modifico el registro 1
Nombre del operador que modifico el registro Maricel Allasia
Existencias
Estado retiro Estado perdido Sistema de clasificacion Estado general Restricciones de uso Biblioteca de origen Ubicacion actual Localizacion en estante Fecha de adquisicion Fuente de adquisicion Prestamos totales Signatura y librística Proveedor Numero de ejemplar Tipo de elemento KOHA Nota no publica
Disponible Disponible cdu No dañado Ningun uso de restricciones Arq. Hilarión H. Larguia Arq. Hilarión H. Larguia Arg 18/03/2026 Don   94(821.3) M392 18462 ej. 1 Libro